20 joueurs du Liverpool FC par images - Statistiques

Statistiques générales
  • Ce quiz a été pris 173 fois
  • Le résultat moyen est 16 sur 20
Statistiques - réponses
Par images Réponse % Correct
Virgil van Dijk
100%
Diogo Jota
99%
Luis Suárez
99%
Sadio Mané
99%
Mohamed Salah
96%
Steven Gerrard
94%
Luis Díaz
92%
Florian Wirtz
90%
Jordan Henderson
90%
Djibril Cissé
89%
Andrew Robertson
88%
Xabi Alonso
85%
Xherdan Shaqiri
79%
Dominik Szoboszlai
67%
Andy Carroll
59%
Daniel Sturridge
57%
Michael Owen
57%
Kenny Dalglish
48%
Jerzy Dudek
47%
Ian Rush
46%
Aucun quiz correspondant
Distribution des résultats
% des personnes avec chaque résultat
Percentile par nombre de réponses
Votre historique - résultats
Vous n’avez pas pris ce quiz